| 000 | 00638nam a2200181 a 4500 | ||
|---|---|---|---|
| 001 | 000041630 | ||
| 005 | 20201002035657.0 | ||
| 008 | 131014s2001 sp 000 0 spa d | ||
| 020 | _a8400097418 | ||
| 040 |
_aDO-SdBNP _bspa _cBNPHU |
||
| 100 | 1 |
_aMariné Isidro, María _968413 |
|
| 245 | 1 | 0 |
_aFíbulas Romanas en Hispania : _bla Meseta / _cMaría Mariné Isidro. |
| 260 |
_aMadrid : _bCSIC, _c2001. |
||
| 300 |
_a503 p. ; _c27 cm. |
||
| 490 | 1 |
_aAnejos de archivo español de arqueologia _v24 |
|
| 710 | 2 |
_aConsejo Superior de Investigaciones Científicas (España) _915178 |
|
| 830 | 0 |
_aAnejos de archivo español de arqueologia _v24 _968414 |
|
| 999 |
_c41120 _d41120 |
||